| Tag |
First Indicator |
Second Indicator |
Subfields |
| LEADER |
00000cam a2200000 i 4500 |
| 001 |
in00000046757 |
| 005 |
20230925110029.0 |
| 008 |
780815s1978 nyuaf j b 001 0 eng |
| 010 |
|
|
|a 76002777
|
| 019 |
|
|
|a 4196122
|a 692250378
|
| 020 |
|
|
|a 0385096097
|
| 020 |
|
|
|a 9780385096096
|
| 020 |
|
|
|a 0385096100
|q (lib. bdg.)
|
| 020 |
|
|
|a 9780385096102
|q (lib. bdg.)
|
| 029 |
1 |
|
|a AU@
|b 000001249704
|
| 029 |
1 |
|
|a NZ1
|b 1070831
|
| 029 |
1 |
|
|a NZ1
|b 3620855
|
| 035 |
|
|
|a (OCoLC)ocm03517867
|
| 035 |
|
|
|a (OCoLC)3517867
|z (OCoLC)4196122
|z (OCoLC)692250378
|
| 035 |
|
|
|a (OCoLC)ocm03517867
|
| 040 |
|
|
|a DLC
|b eng
|c DLC
|d BAKER
|d BTCTA
|d YDXCP
|d OCLCO
|d OCLCF
|d OCLCQ
|d OCLCO
|d WIC
|d OCLCQ
|d JDP
|d OCLCO
|d OCLCA
|d OCL
|d OCLCQ
|d OCLCO
|d OCLCQ
|
| 042 |
|
|
|a cyac
|
| 050 |
0 |
0 |
|a HV3000
|b .H37
|
| 082 |
0 |
0 |
|a 362.4
|
| 100 |
1 |
|
|a Haskins, James,
|d 1941-2005.
|
| 245 |
1 |
0 |
|a Who are the handicapped? /
|c James Haskins.
|
| 250 |
|
|
|a 1st ed.
|
| 260 |
|
|
|a Garden City, N.Y. :
|b Doubleday,
|c ©1978.
|
| 300 |
|
|
|a viii, 109 pages, 12 unnumbered leaves of plates :
|b illustrations ;
|c 22 cm
|
| 336 |
|
|
|a text
|b txt
|2 rdacontent
|
| 337 |
|
|
|a unmediated
|b n
|2 rdamedia
|
| 338 |
|
|
|a volume
|b nc
|2 rdacarrier
|
| 504 |
|
|
|a Includes bibliographical references (pages 99-104) and index.
|
| 520 |
|
|
|a Discusses the causes and limitations of various disabilities including blindness, deafness, orthopedic defects, and brain injury, how these handicaps can be overcome, and attitudes toward handicapped persons.
|
| 650 |
|
0 |
|a People with disabilities
|v Juvenile literature.
|
| 650 |
|
0 |
|a People with disabilities.
|
| 650 |
|
1 |
|a People with disabilities.
|
| 650 |
|
1 |
|a People with mental disabilities.
|
| 650 |
|
2 |
|a Disabled Persons
|
| 650 |
|
6 |
|a Personnes handicapées
|v Ouvrages pour la jeunesse.
|
| 650 |
|
6 |
|a Personnes handicapées.
|
| 650 |
|
7 |
|a physically handicapped.
|2 aat
|
| 650 |
|
7 |
|a handicapped.
|2 aat
|
| 650 |
|
7 |
|a People with disabilities.
|2 fast
|0 (OCoLC)fst01057245
|
| 655 |
|
7 |
|a Literature.
|2 fast
|0 (OCoLC)fst01921716
|
| 655 |
|
7 |
|a Juvenile works.
|2 fast
|0 (OCoLC)fst01411637
|
| 655 |
|
7 |
|a Literature.
|2 lcgft
|
| 655 |
|
7 |
|a Littérature.
|2 rvmgf
|
| 938 |
|
|
|a Baker & Taylor
|b BKTY
|c 6.95
|d 5.21
|i 0385096097
|n 0000086251
|s active
|
| 938 |
|
|
|a Baker and Taylor
|b BTCP
|n 76002777
|c $5.95
|
| 938 |
|
|
|a YBP Library Services
|b YANK
|n 7711627
|
| 948 |
|
|
|h HELD BY TXA - 331 OTHER HOLDINGS
|
| 994 |
|
|
|a Z0
|b TXA
|
| 999 |
f |
f |
|s 7f103bae-6d1f-3181-b09d-4de55ccc094a
|i 2331e29a-a994-3c54-b0ff-36e2b3baee0e
|t 0
|
| 952 |
f |
f |
|p ric
|a Texas A&M University
|b Rellis Campus
|c Joint Library Facility
|s JLF
|d Remote Storage
|t 0
|e HV3000 .H37
|h Library of Congress classification
|i unmediated -- volume
|m A14800219266
|